000 aam a22 a 4500
999 _c2235
_d2235
003 AKMAL
005 20170515160727.0
008 170515s1982 my a 00 may d
020 _a9676100072 (kkt.)
039 9 _a200711251151
_bpmmalaysiana
_c200604201654
_dfadilah
_c200604101002
_dhidayah
_c200604051615
_dhidayah
040 _aAKMAL
_cAKMAL
049 0 0 _abgkklpmal
050 0 0 _aLB1025
082 0 4 _a378.125 ISA
090 0 0 _a378.125
_bISA
090 2 0 _a378.125
_bISA
245 0 0 _aAsas-asas dalam amalan pedagogi /
_cdisunting oleh Ishak Haron, Koh Boh Boon
260 _aKuala Lumpur :
_bUtusan Publications & Distributiors,
_c1982
300 0 0 _a212ms. ;
_c21cm
504 _aMengandungi rujukan bibliografi
650 0 _aEducation
_xStudy and teaching
_94697
650 0 _aTeaching
_94533
700 0 _aIshak Haron
_94698
700 1 _aKoh, Boh Boon,
_d1940-
_94496
942 _2ddc
_cBOOK